000 00445nam a2200181Ia 4500
008 170705s9999 xx 000 0 und d
020 _a9780062001771
245 _aFancy Nancy : the dazzling book report /
245 _band the mean girl /
245 _cby Jane O'Connor.
260 _aNew York :
260 _bHarper,
260 _c2011
300 _a32 pages :
300 _bcolor illustration ;
300 _c23cm.
500 _a290
999 _c337260
_d337260